00364pab a2200133 454500008004000000100001900040245007300059260000900132300001100141362001200152650001900164650001100183773003600194180718b1996 xxu||||| |||| 00| 0 eng d aJoginder Singh aDecline in professional standards of the police: causes and remedies c1996 ap.4-14 aApr-Jun aPolice - India aPolice aPolice Research and Development